The way warehouses were (Record no. 79788)

MARC details
000 -LEADER
fixed length control field 01383cab a22002055a 4500
001 - CONTROL NUMBER
control field L142347
008 - FIXED-LENGTH DATA ELEMENTS--GENERAL INFORMATION
fixed length control field 080207e20080201xxk f v 000 0 eng d
035 ## - SYSTEM CONTROL NUMBER
System control number (Sirsi) u142347
041 0# - LANGUAGE CODE
Language code of text/sound track or separate title eng
100 1# - MAIN ENTRY--PERSONAL NAME
Personal name Ross, Jonathan
245 04 - TITLE STATEMENT
Title The way warehouses were
260 ## - PUBLICATION, DISTRIBUTION, ETC.
Date of publication, distribution, etc. 2008
490 #0 - SERIES STATEMENT
Series statement Property Week
Volume/sequential designation 73(5) 1 February 2008, 89(1)
520 ## - SUMMARY, ETC.
Summary, etc. Discusses McDonalds Real Estate v Arundel Corp, 16 January 2008. The case shows the potential problems invloved in drafting rent review clauses based on hypothetical lettings. In 1986, McDonalds took out a fifty year lease on an old factory with a view to converting it into a drive-through. The lease provided the building to be treated as a warehouse with 15% office space at rent review. The Court had to decide what sort of warehouse was intended. The landlord argued that warehouse could include retail warehouses, which generate a significantly higher rent than storage warehouses. Held: a storage warehouse had been intended, but there was no restriction on the usage of the word. The landlord may seek to have the building's retail value reflected in the rent review.
590 ## - LOCAL NOTE (RLIN)
Local note KA
650 24 - SUBJECT ADDED ENTRY--TOPICAL TERM
Topical term or geographic name entry element MCDONALDS REAL ESTATE V ARUNDEL CORP
651 #4 - SUBJECT ADDED ENTRY--GEOGRAPHIC NAME
Geographic name England and Wales
Chronological subdivision 1543-
690 ## - LOCAL SUBJECT ADDED ENTRY--TOPICAL TERM (OCLC, RLIN)
Topical term or geographic name as entry element PROPERTY-COMMERCIAL PROPERTY-COMMERCIAL LANDLORD AND TENANT-BUSINESS TENANCIES-RENT REVIEW (BUSINESS TENANCIES)
942 ## - ADDED ENTRY ELEMENTS (KOHA)
Suppress in OPAC 0
Holdings
Withdrawn status Lost status Source of classification or shelving scheme Damaged status Not for loan Home library Current library Shelving location Date acquired Total Checkouts Full call number Barcode Date last seen Copy number Price effective from Koha item type
    Dewey Decimal Classification     London London Journal article 07/02/2008   L142347 142347-1001 06/08/2019 1 06/08/2019 Journal article